00730nam a2200169 i 4500001000700000003000900007005001700016008004100033110004900074245009800123260006100221300004900282530003500331610004900366852005400415856009100469163071ES-MaACL20230906212650.0931025s1776 sp af |||| | spa d2 aReal Maestranza de Caballería de Valencia.10aOrdenanzas de la Real Maestranza de Cavalleros de la ciudad de Valenciab: año de MDCCLXXV. aEn Valencia : ben la oficina de Benito Monfort, c1776. a2, 160 p, [1] h. de lám. : bil. ; c4º. aDisponible en formato digital.24aReal Maestranza de Caballería de Valencia. aES-MaACLjR-1046 z- Enc. piel x Olim: G-8083 uhttp://bivaldi.gva.es/es/consulta/registro.cmd?id=3303 zBiblioteca Valenciana Digital